Agricultural Biotechnology (Record no. 14445)
[ view plain ]
| 000 -LEADER | |
|---|---|
| fixed length control field | 00309nam a22001337a 4500 |
| 020 ## - INTERNATIONAL STANDARD BOOK NUMBER | |
| ISBN | 9789381302934 |
| 082 ## - DEWEY DECIMAL CLASSIFICATION NUMBER | |
| Classification number | 660.2 |
| Item number | LAL/AG |
| 100 ## - MAIN ENTRY--AUTHOR NAME | |
| Personal name | Lal,C |
| 100 ## - MAIN ENTRY--AUTHOR NAME | |
| Personal name | Nasim,S.A |
| 245 ## - TITLE STATEMENT | |
| Title | Agricultural Biotechnology |
| 260 ## - PUBLICATION, DISTRIBUTION, ETC. (IMPRINT) | |
| Place of publication | New Delhi |
| Name of publisher | Axis Books Pvt. Ltd. |
| Year of publication | 2013 |
| 300 ## - PHYSICAL DESCRIPTION | |
| Number of Pages | 276 |
| 942 ## - ADDED ENTRY ELEMENTS (KOHA) | |
| Koha item type | Books |
| Withdrawn status | Lost status | Damaged status | Collection code | Home library | Current library | Shelving location | Date acquired | Source of acquisition | Cost, normal purchase price | Full call number | Accession Number | Koha item type |
|---|---|---|---|---|---|---|---|---|---|---|---|---|
| KAUAET | KAUAET | General Stacks | 02/07/2016 | Cosmo Book House, Thrissur. | 750.00 | 660.2 LAL/AG | 23973 | Books |
